[Event "FIDE Chesscom Grand Swiss 2019"]
[Site "Douglas-Isle of Man"]
[Date "2019.10.14"]
[Round "5.5"]
[White "Efimenko, Zahar"]
[Black "Sjugirov, Sanan"]
[Result "1-0"]
[WhiteElo "2604"]
[BlackElo "2662"]
[Annotator "TA"]
[PlyCount "66"]
[EventDate "2019.10.10"]
[EventType "swiss"]
[EventCountry "GBR"]
[SourceTitle "playchess.com"]
[Source "ChessBase"]
[SourceQuality "1"]

{[%evp 21,66,9,0,10,13,16,19,1,18,-6,-8,-4,0,-11,0,0,0,-36,0,0,0,0,0,0,0,-33,-27,-54,-58,-78,-64,-364,-360,-418,-361,-431,-441,-434,-419,-486,-462,-460,-401,-598,-589,-1083,-1065]} 1. e4 e5 2. Nf3 Nc6 3. Bb5 a6 4. Ba4 Nf6 5. O-O Be7 6. d3 b5 7. Bb3 d6 8. a4 Bd7 9. c3 O-O 10. Nbd2 {[%cal Bb1d2,Bd2f1,Bf1e3,Be3f5][%mdl 32]} Na5 11. Bc2 c5 12. Re1 {C55: Two Knights: 4 d3, 4 d4 exd4 5 e5 and Max Lange Attack} Qb6 (12... Nc6 13. h3 h6 14. Nf1 Be6 15. Ne3 Re8 16. Bb3 Bf8 17. Bxe6 fxe6 18. Ng4 b4 19. Nxf6+ Qxf6 {½-½ (29) Le,Q (2715)-Inarkiev,E (2692) Sharjah 2019}) 13. Nf1 b4 14. Ne3 {The position is equal.} Rfe8 15. d4 $146 ({Predecessor:} 15. h3 Bf8 16. Nh2 bxc3 17. bxc3 c4 18. dxc4 Rac8 19. Nd5 Nxd5 20. cxd5 Rxc3 {0-1 (72) Fitzsimons,D (2260)-Collins,S (2426) Bunratty 2012}) 15... cxd4 16. cxd4 b3 17. Bb1 exd4 18. Nxd4 Bf8 19. Nef5 d5 {[%cal Rd5e4]} 20. e5 Ne4 21. Bxe4 dxe4 22. Rxe4 Nc4 23. a5 Qb7 24. Qe2 Qd5 {[%cal Rc4e5]} 25. Bg5 Nxe5 {[%cal Bc4e5,Be5c6,Bc6d4,Bd4f3][%mdl 32] Threatens to win with ...f6.} 26. Re1 $2 {[%mdl 8192] [#]} (26. Ne7+ $1 $15 Bxe7 27. Rxe5 Qxd4 28. Rxe7) 26... Nc6 $1 $19 {Hoping for ...Nxd4.} 27. h4 f6 28. Bf4 g6 ({Less strong is} 28... Nxd4 29. Nxd4 f5 30. Rxe8 $19) 29. Nh6+ Bxh6 $1 30. Bxh6 Nxd4 31. Qd3 Rxe4 32. Rxe4 (32. Qxe4 $142 Qxe4 33. Rxe4) 32... Bc6 33. f3 {[#]} Nxf3+ $1 {[%mdl 32832] Remove Defender. Accuracy: White = 38%, Black = 73%. . Loss on time!?} 1-0

[Event "FIDE Chesscom Grand Swiss 2019"]
[Site "Douglas-Isle of Man"]
[Date "2019.10.14"]
[Round "5.6"]
[White "Fedoseev, Vladimir"]
[Black "Wojtaszek, Radoslaw"]
[Result "1-0"]
[WhiteElo "2664"]
[BlackElo "2748"]
[Annotator "TA"]
[PlyCount "93"]
[EventDate "2019.10.10"]
[EventType "swiss"]
[EventCountry "GBR"]
[SourceTitle "playchess.com"]
[Source "ChessBase"]
[SourceQuality "1"]

{[%evp 9,93,-9,6,-6,27,0,0,0,0,0,10,1,16,-20,23,0,25,22,51,37,65,0,68,69,66,51,46,43,52,64,55,60,77,60,65,66,115,98,166,165,136,43,193,102,95,78,120,131,183,148,152,109,181,128,175,175,237,235,234,225,214,213,304,304,304,306,306,305,342,342,342,330,353,295,1106,957,29980,12839,12839,12839,5214,12840,12840,12841,12840,12839]} 1. d4 Nf6 2. c4 e6 3. Nc3 Bb4 4. f3 c5 5. d5 b5 {[%cal Bb7b5,Bb5b4][%mdl 32]} 6. e4 {E20: Nimzo-Indian: 4 g3 and 4 f3} d6 (6... O-O {looks sharper.} 7. e5 Ne8 8. f4 exd5 9. cxd5 d6) 7. Bd2 (7. Bd3 {keeps more tension.} Ba5 8. Nge2 exd5 9. cxd5 a6 10. O-O) 7... Bxc3 (7... exd5 8. cxd5 a6 9. a3 Ba5 10. a4 b4 11. Nb1 O-O 12. Bg5 Nbd7 13. Nd2 b3 14. Qxb3 {0-1 (23) Mamedyarov,S (2764)-Rapport,R (2747) Saint Louis 2019}) 8. Bxc3 {The position is equal.} b4 9. Bd2 O-O $146 ({Predecessor:} 9... a5 10. Bd3 Ba6 11. Bg5 Nbd7 12. Nh3 h6 13. Be3 Ne5 {½-½ (21) Basara,A (1638)-Arnas,E (1603) Konya 2017}) 10. Be3 exd5 11. cxd5 a5 12. a3 bxa3 13. Rxa3 Nbd7 14. Ne2 Rb8 15. Bd2 (15. Ng3 $14) 15... Rxb2 ({Better is} 15... Nh5 $11) 16. Bxa5 $14 Qe7 17. Bc3 Rb7 18. Ng3 Ne5 19. Be2 h5 20. h4 Bd7 21. Kf2 Rfb8 22. Qd2 Rb3 23. Rha1 Nh7 (23... Ne8 $16 {might work better.}) 24. Rxb3 $18 Rxb3 25. Qc2 (25. Ra8+ $16 Nf8 26. Qc2 (26. Nxh5 Qxh4+ {[%mdl 64] Double Attack} 27. Ng3 Qf6 $11)) 25... c4 (25... Rb8 $14) 26. Bxc4 (26. Ra8+ $1 $18 Nf8 27. Bxc4 $1 {[%mdl 512]}) 26... Rb8 $16 27. Be2 $1 $36 {[%mdl 2048] Keeping Black busy.} Rc8 28. Qb2 (28. Nxh5 $2 Qxh4+ 29. Kg1 (29. Ng3 $2 Nf6 $19) 29... Qxh5 $19) 28... Qf6 (28... f5 $16 {keeps fighting.} 29. exf5 Qxh4) 29. Bxe5 (29. Nxh5 $6 Qxh4+ 30. Ng3 Rxc3 $14) 29... dxe5 30. Rh1 Nf8 {[#]} (30... g6 $16 {was worth a try.} 31. Bd3 Qd6) 31. Nxh5 ({White should play} 31. Nf1 $1 $18) 31... Qh6 32. g4 Ng6 (32... Qd6 $142 33. Rb1 Ng6) 33. Ra1 $18 Nf4 {[#]} 34. Ra6 $1 {[%cal Ra6h6]} (34. Qxe5 Qb6+ 35. Kg3 Nxe2+ 36. Kh3 f6 $17) 34... f6 35. Ra7 Nh3+ (35... Bxg4 $142 36. Rxg7+ {[%mdl 64] Double Attack} (36. fxg4 Nxh5 37. gxh5 Qf4+ 38. Bf3 Qh2+ 39. Bg2 Qf4+ 40. Bf3 Qh2+ 41. Bg2 Qf4+ 42. Bf3 $11) 36... Kh8 37. fxg4 Nxh5) 36. Kg2 Qe3 37. Ra1 ({Inferior is} 37. Rxd7 Qg1+ 38. Kxh3 Qh1+ 39. Kg3 Qg1+ 40. Kh3 Qh1+ 41. Kg3 Qg1+ 42. Kh3 $11) ({Not} 37. Kxh3 Qxa7 38. Ng3 Rb8 $11) 37... Nf4+ 38. Nxf4 exf4 39. Ra3 Qc5 40. Rb3 Kh7 41. Bd3 {Strongly threatening e5+.} Ba4 $2 (41... Kg8 42. h5 Qa5) 42. e5+ {[%mdl 64] Discovered Attack} Kh6 43. Rb8 (43. exf6 $142 Qd6 44. Rb6 Bb5 45. Qxb5 Qd8 46. f7+ Qf6 47. g5+ {[%mdl 64] Double Attack, Pin} Kh5 48. Qd7 Qxg5+ 49. hxg5 Rc2+ 50. Bxc2 Kxg5 51. Qg4#) 43... Bd1 {White is clearly winning.} 44. Rxc8 {[%cal Rc8h8]} Bxf3+ 45. Kxf3 {[%cal Rc8h8]} Qe3+ 46. Kg2 {[%cal Rc8h8]} Qg3+ 47. Kf1 {Accuracy: White = 58%, Black = 25%.} 1-0

[Event "FIDE Chesscom Grand Swiss 2019"]
[Site "Douglas-Isle of Man"]
[Date "2019.10.14"]
[Round "5.6"]
[White "Nabaty, Tamir"]
[Black "L'Ami, Erwin"]
[Result "1-0"]
[WhiteElo "2658"]
[BlackElo "2619"]
[Annotator "RC"]
[PlyCount "59"]
[EventDate "2019.10.10"]
[EventType "swiss"]
[EventCountry "GBR"]
[SourceTitle "playchess.com"]
[Source "ChessBase"]
[SourceQuality "1"]
[TimeControl "40/6000+30:20/3000+30:900+30"]

1. e4 {[%emt 0:03:15]} e5 {[%emt 0:00:00]} 2. Bc4 {[%emt 0:00:16]} Nf6 {[%emt 0:00:48]} 3. d3 {[%emt 0:00:19]} Nc6 {[%emt 0:00:43]} 4. a3 {[%emt 0:00:13]} g6 {[%emt 0:03:28]} 5. Nc3 {[%emt 0:02:44]} Bg7 {[%emt 0:00:51]} 6. f4 {[%emt 0:07:19]} O-O {[%emt 0:08:17]} 7. f5 {[%emt 0:13:06]} gxf5 {[%emt 0:04:39]} 8. Bg5 {[%emt 0:01:40]} Ne7 {[%emt 0:03:27]} 9. Qf3 {[%emt 0:11:42]} c6 {[%emt 0:09:32]} 10. Nge2 {[%emt 0:02:58]} d5 {[%emt 0:02:21]} 11. Bxf6 {[%emt 0:13:24]} Bxf6 {[%emt 0:00:15]} 12. exd5 {[%emt 0:00:12]} cxd5 {[%emt 0:07:12]} 13. Bxd5 {[%emt 0:02:11]} Nxd5 {[%emt 0:07:58]} 14. Nxd5 {[%emt 0:00:47]} Bg7 {[%emt 0:02:08]} 15. O-O {[%emt 0:04:01]} Be6 {[%emt 0:02:41]} 16. c4 {[%emt 0:02:03]} Kh8 {[%emt 0:03:32]} 17. Ng3 {[%emt 0:06:45]} f4 {[%emt 0:01:08]} 18. Nh5 {[%emt 0:00:30]} Qg5 {[%emt 0:10:09]} 19. Nxg7 {[%emt 0:01:16]} Kxg7 {[%emt 0:00:41]} 20. d4 {[%emt 0:07:10]} Bg4 {[%emt 0:03:16]} 21. Qc3 {[%emt 0:00:57]} Be2 {[%emt 0:08:08]} 22. Rf2 {[%emt 0:02:41]} f3 {[%emt 0:00:19]} 23. dxe5 {[%emt 0:00:20]} Rae8 {[%emt 0:06:26]} 24. e6+ {[%emt 0:04:03]} f6 {[%emt 0:01:11]} 25. e7 {[%emt 0:00:08]} Rf7 {[%emt 0:00:24]} 26. Re1 {[%emt 0:03:14]} b5 {[%emt 0:02:22]} 27. b3 {[%emt 0:05:14]} bxc4 {[%emt 0:01:06]} 28. bxc4 {[%emt 0:00:02]} Qg4 {[%emt 0:02:59]} 29. Nxf6 {[%emt 0:05:54]} Rxf6 {[%emt 0:00:33]} 30. Rexe2 {[%emt 0:00:09]} 1-0

[Event "FIDE Chesscom Grand Swiss 2019"]
[Site "Douglas-Isle of Man"]
[Date "2019.10.14"]
[Round "5.7"]
[White "Vitiugov, Nikita"]
[Black "Lenderman, Aleksandr"]
[Result "1/2-1/2"]
[WhiteElo "2732"]
[BlackElo "2648"]
[Annotator "TA"]
[PlyCount "85"]
[EventDate "2019.10.10"]
[EventType "swiss"]
[EventCountry "GBR"]
[SourceTitle "playchess.com"]
[Source "ChessBase"]
[SourceQuality "1"]

{[%evp 11,85,16,39,-32,-34,-37,-22,-48,-44,-43,-10,-35,-41,-102,-100,-94,-90,-127,-99,-100,-104,-103,-107,-112,-106,-107,-103,-103,-75,-75,-71,-64,-75,-80,-80,-67,-67,-80,-40,-80,-77,-75,-81,-79,-72,-71,-47,-74,-12,-20,-10,-15,0,0,0,0,0,0,0,0,0,0,0,5,12,0,0,0,0,0,0,0,0,0,0,0]} 1. e4 c6 2. d4 d5 3. exd5 cxd5 4. Bd3 Nc6 5. c3 Qc7 6. h3 g6 7. Qc2 {B13: Caro-Kann: Exchange Variation and Panov-Botvinnik Attack} (7. Ne2 $14) 7... f6 $15 8. f4 $146 ({Predecessor:} 8. Ne2 e5 9. O-O Nge7 10. dxe5 fxe5 11. c4 e4 12. Bxe4 dxe4 13. Nbc3 Bg7 14. Nd5 Qd6 {0-1 (29) Aronian,L (2767)-Howell,D (2685) Caleta 2019}) 8... Nh6 9. Nf3 Bf5 10. O-O O-O-O 11. Re1 e6 12. Na3 (12. Qe2 $15) 12... Bxa3 $17 13. bxa3 Rhe8 14. Rb1 Bxd3 15. Qxd3 Nf5 16. a4 Nd6 17. Nd2 Na5 18. Ba3 Ndc4 19. Bb4 Qxf4 20. Bxa5 Qxd2 ({Of course not} 20... Nxa5 21. Rf1 $11) 21. Qxd2 Nxd2 22. Rbd1 b6 23. Bxb6 axb6 24. Rxd2 {[%mdl 4096] Endgame KRR-KRR} Kc7 25. Rb1 {[#]} Rd6 $1 26. Rb4 Rc6 27. Rdb2 Ra8 28. R2b3 Kb7 29. Kf2 Ka6 (29... g5 $17) 30. Ke2 $11 {The position is equal.} Rac8 31. Kd2 R8c7 32. Rb5 Rg7 33. a5 bxa5 34. Rb8 Ra7 35. a4 Rac7 36. Ra8+ Ra7 37. Rf8 f5 38. Ke3 g5 39. Re8 Rb7 40. Ra8+ Ra7 41. Re8 Rb7 42. Ra8+ Ra7 43. Re8 {Accuracy: White = 65%, Black = 68%.} 1/2-1/2

[Event "FIDE Chesscom Grand Swiss 2019"]
[Site "Douglas-Isle of Man"]
[Date "2019.10.14"]
[Round "5.7"]
[White "Demchenko, Anton"]
[Black "Durarbayli, Vasif"]
[Result "1-0"]
[WhiteElo "2655"]
[BlackElo "2617"]
[Annotator "TA"]
[PlyCount "119"]
[EventDate "2019.10.10"]
[EventType "swiss"]
[EventCountry "GBR"]
[SourceTitle "playchess.com"]
[Source "ChessBase"]
[SourceQuality "1"]

{[%evp 15,119,2,14,10,13,-2,0,8,17,15,5,15,79,67,87,86,89,75,89,61,77,63,70,79,65,72,76,43,100,103,164,48,53,8,65,0,0,0,0,0,15,31,17,39,158,129,118,150,116,114,119,96,77,92,109,99,109,94,97,83,110,0,0,0,0,0,14,14,61,62,311,306,292,308,272,0,0,0,0,0,0,0,0,0,0,0,0,0,0,0,0,0,0,0,0,0,0,0,0,0,0,0,0,0,0,0]} 1. e4 e6 2. d4 d5 3. Nd2 c5 4. Ngf3 cxd4 5. Nxd4 Nc6 6. Bb5 Bd7 7. Nxc6 bxc6 8. Bd3 Qc7 9. Qe2 {C07: French Tarrasch: 3...c5, 4 Ngf3 and 4 exd5 Qxd5} Ne7 10. b3 (10. Nf3 Ng6 11. e5 c5 12. c4 dxc4 13. Bxc4 Be7 14. h4 Bc6 15. h5 Nf8 16. h6 g6 {1-0 (33) Navara,D (2734)-Vitiugov,N (2727) Riga 2019}) 10... Ng6 11. g3 Bd6 $146 ({Predecessor:} 11... Be7 12. Bb2 O-O 13. f4 c5 14. c4 {½-½ (14) Predojevic,B (2621)-Dann,M (2520) Karlsruhe 2019}) 12. f4 O-O 13. Bb2 f5 (13... a5 $11 {keeps the balance.}) 14. exf5 $16 exf5 15. O-O-O a5 16. a4 Rae8 17. Qg2 Bc5 18. h4 Nh8 19. h5 Nf7 20. Nf3 Qd6 21. Kb1 Be3 (21... Ba3 $14) 22. Rhe1 Bb6 (22... Bc5 $16) 23. Ne5 ({Better is} 23. Qd2 $18) 23... Nxe5 $14 24. fxe5 Qb4 (24... Qh6 $11) 25. h6 (25. Ka2 $14) 25... g6 $1 $11 26. e6 Bxe6 27. g4 $1 {[%cal Rg4f5]} Qxg4 28. Qh2 Bf7 29. Qd6 $40 {[%mdl 128] Intending Qf6! and mate. White is up to no good.} Rxe1 (29... Bd4 $14) 30. Rxe1 $16 {Qf6! would kill now.} Bd4 {[#]} 31. Ba3 $1 {[%csl Ga3][%cal Rd6f8]} c5 32. Bxc5 Bxc5 33. Qxc5 Qh4 34. Qxa5 Qxh6 35. Qb4 f4 36. a5 {[%cal Ba4a5,Ba5a6][%mdl 1056] White has strong compensation.} f3 37. a6 f2 {[#]} 38. Rf1 ({White should try} 38. Rc1 $1 $16) 38... Qe3 $11 39. Qb7 Qe1+ 40. Kb2 d4 41. Qc6 Kg7 42. Qc5 $1 {[%cal Rc5d4] [#]} Qc3+ $1 {[%mdl 512]} 43. Qxc3 $18 dxc3+ 44. Kxc3 {[%mdl 4096] Endgame KRB-KRB} Bd5 45. Kd4 $2 (45. b4 $18) 45... Bg2 $11 {Strongly threatening ...Rd8+.The position is equal.} 46. Ke3 $1 Bxf1 47. Bxf1 {KR-KB} Kf6 {Threatens to win with ...Ke5.} 48. Kxf2 Ke5+ (48... Rf7 {with more complications.} 49. Ke1 Re7+ 50. Kd2 Ke5 51. b4 Rd7+) 49. Ke1 {aiming for Bg2.} Ra8 (49... Rf7 {keeps more tension.} 50. b4 Kd6 51. Bg2 Ra7 52. Bb7 g5) 50. b4 h5 51. Be2 Kd6 $1 {[%cal Rd6c7] White must now prevent ...Kc7.} 52. c4 $1 {[%cal Rc4c5]} Ra7 53. c5+ Kc6 54. Kd2 {Hoping for Kc3.} h4 {And now ...h3 would win.} 55. Ke3 {Kd4 is the strong threat.} Kd5 56. Kf4 Kc6 57. Kg4 {[#]} g5 $1 {[%mdl 512]} 58. Bf1 (58. Kxg5 h3) 58... Rf7 59. Bg2+ Kb5 60. Bb7 {[%mdl 32768] Accuracy: White = 83%, Black = 50%. . Loss on time!?} 1-0

[Event "FIDE Chesscom Grand Swiss 2019"]
[Site "Douglas-Isle of Man"]
[Date "2019.10.14"]
[Round "5.8"]
[White "Shirov, Alexei"]
[Black "Sargissian, Gabriel"]
[Result "1-0"]
[WhiteElo "2664"]
[BlackElo "2690"]
[Annotator "RC"]
[PlyCount "91"]
[EventDate "2019.10.10"]
[EventType "swiss"]
[EventCountry "GBR"]
[SourceTitle "playchess.com"]
[Source "ChessBase"]
[SourceQuality "1"]
[TimeControl "40/6000+30:20/3000+30:900+30"]

1. e4 {[%emt 0:00:36]} e5 {[%emt 0:00:00]} 2. Nf3 {[%emt 0:00:43]} Nc6 {[%emt 0:00:00]} 3. Bb5 {[%emt 0:00:03]} a6 {[%emt 0:00:00]} 4. Ba4 {[%emt 0:00:04]} Nf6 {[%emt 0:00:04]} 5. O-O {[%emt 0:00:05]} Be7 {[%emt 0:00:06]} 6. Re1 {[%emt 0:00:04]} b5 {[%emt 0:00:09]} 7. Bb3 {[%emt 0:00:03]} O-O {[%emt 0:00:06]} 8. d4 {[%emt 0:00:02]} d6 {[%emt 0:11:43]} 9. c3 {[%emt 0:00:19]} Bg4 {[%emt 0:00:05]} 10. Be3 {[%emt 0:00:04]} Bh5 {[%emt 0:00:05]} 11. h3 {[%emt 0:00:12]} exd4 {[%emt 0:08:26]} 12. cxd4 {[%emt 0:01:06]} Na5 {[%emt 0:00:06]} 13. Nbd2 {[%emt 0:16:35]} Nxb3 {[%emt 0:00:38]} 14. axb3 {[%emt 0:00:10]} d5 {[%emt 0:17:09]} 15. e5 {[%emt 0:01:13]} Ne4 {[%emt 0:00:06]} 16. Qc2 {[%emt 0:02:12]} Nxd2 {[%emt 0:02:12]} 17. Nxd2 {[%emt 0:03:19]} c5 {[%emt 0:00:43]} 18. dxc5 {[%emt 0:15:49]} d4 {[%emt 0:00:19]} 19. Bf4 {[%emt 0:00:04]} Bg6 {[%emt 0:05:57]} 20. Qc1 {[%emt 0:00:51]} a5 {[%emt 0:05:26]} 21. Nf3 {[%emt 0:10:57]} Qd5 {[%emt 0:11:24]} 22. e6 {[%emt 0:02:01]} Qxc5 {[%emt 0:01:59]} 23. Qd2 {[%emt 0:17:38]} fxe6 {[%emt 0:02:08]} 24. Rxe6 {[%emt 0:01:18]} Bf6 {[%emt 0:01:54]} 25. Be5 {[%emt 0:00:56]} d3 {[%emt 0:02:30]} 26. Bxf6 {[%emt 0:00:13]} Rxf6 {[%emt 0:00:20]} 27. Rxf6 {[%emt 0:02:23]} gxf6 {[%emt 0:00:05]} 28. b4 {[%emt 0:00:04]} Qd6 {[%emt 0:16:44]} 29. bxa5 {[%emt 0:03:20]} b4 {[%emt 0:00:04]} 30. a6 {[%emt 0:16:00]} Rxa6 {[%emt 0:00:40]} 31. Rxa6 {[%emt 0:00:05]} Qxa6 {[%emt 0:00:05]} 32. Qxb4 {[%emt 0:00:03]} Qa1+ {[%emt 0:02:45]} 33. Kh2 {[%emt 0:00:08]} Qc1 {[%emt 0:00:26]} 34. Kg3 {[%emt 0:02:02]} Qc2 {[%emt 0:03:57]} 35. Qd4 {[%emt 0:05:15]} Qc7+ {[%emt 0:02:50]} 36. Qf4 {[%emt 0:00:47]} Qb6 {[%emt 0:00:08]} 37. b4 {[%emt 0:00:35]} Kf8 {[%emt 0:00:14]} 38. Nd2 {[%emt 0:00:49]} Ke7 {[%emt 0:03:03]} 39. h4 {[%emt 0:08:56]} Qb5 {[%emt 0:04:47]} 40. Qd4 {[%emt 0:02:06]} Ke6 {[%emt 0:02:39]} 41. Kf4 {[%emt 0:03:16]} Qh5 {[%emt 0:14:56]} 42. Nf3 {[%emt 0:01:10]} Qh6+ {[%emt 0:00:55]} 43. Kg3 {[%emt 0:00:13]} Qc1 {[%emt 0:08:14]} 44. h5 {[%emt 0:02:57]} Bf5 {[%emt 0:00:51]} 45. Qf4 {[%emt 0:00:27]} Qc3 {[%emt 0:03:45]} 46. b5 {[%emt 0:02:03]} 1-0

[Event "FIDE Chesscom Grand Swiss 2019"]
[Site "Douglas-Isle of Man"]
[Date "2019.10.14"]
[Round "5.8"]
[White "Erdos, Viktor"]
[Black "Oparin, Grigoriy"]
[Result "1/2-1/2"]
[WhiteElo "2604"]
[BlackElo "2654"]
[Annotator "TA"]
[PlyCount "37"]
[EventDate "2019.10.10"]
[EventType "swiss"]
[EventCountry "GBR"]
[SourceTitle "playchess.com"]
[Source "ChessBase"]
[SourceQuality "1"]

{[%evp 12,37,0,0,0,0,0,0,0,3,18,0,0,0,0,0,0,0,0,0,0,0,0,0,0,0,0,0]} 1. Nf3 Nf6 2. c4 e6 3. Nc3 d5 4. d4 Be7 5. g3 O-O 6. Bg2 dxc4 7. Ne5 {The position is equal.} Qd6 {E06: Closed Catalan: Early deviations} 8. O-O Qa6 9. a4 Nbd7 10. Nb5 Nxe5 11. dxe5 Rd8 12. exf6 Rxd1 13. Rxd1 Bd6 $1 14. Bf4 $1 {[%cal Rb5d6] [#]} Qa5 $146 ({Predecessor:} 14... e5 15. Nxd6 cxd6 16. Bxe5 {1-0 (30) Nisipeanu,L (2656)-Nakamura,H (2745) Khanty-Mansiysk 2019}) 15. Bd2 Qb6 16. Be3 Qa5 17. Bd2 Qb6 18. Be3 Qa5 19. Bd2 {Accuracy: White = 100%, Black = 100%.} 1/2-1/2

[Event "FIDE Chesscom Grand Swiss 2019"]
[Site "Douglas-Isle of Man"]
[Date "2019.10.14"]
[Round "5.9"]
[White "Dreev, Aleksey"]
[Black "Gelfand, Boris"]
[Result "1/2-1/2"]
[WhiteElo "2662"]
[BlackElo "2686"]
[Annotator "TA"]
[PlyCount "69"]
[EventDate "2019.10.10"]
[EventType "swiss"]
[EventCountry "GBR"]
[SourceTitle "playchess.com"]
[Source "ChessBase"]
[SourceQuality "1"]

{[%evp 15,69,8,19,18,25,31,25,22,24,22,18,25,29,16,20,16,27,27,30,4,10,15,18,13,17,0,0,0,13,13,13,16,13,0,74,0,28,28,28,17,28,0,0,0,0,0,0,2,3,9,16,0,0,0,23,0]} 1. d4 Nf6 2. c4 e6 3. Nc3 Bb4 4. Qc2 O-O $146 ({Predecessor:} 4... d5 5. a3 Bxc3+ 6. Qxc3 {½-½ (30) Yu,Y (2763)-Ding,L (2811) Khanty-Mansiysk 2019}) 5. a3 Bxc3+ 6. Qxc3 d5 7. Nf3 dxc4 8. Qxc4 b6 9. Bg5 {E36: Nimzo-Indian: Classical: 4...d5 5 a3} Bb7 10. Rd1 Nbd7 11. Ne5 h6 12. Bh4 c5 13. Nxd7 Qxd7 14. Bxf6 gxf6 15. dxc5 Qc7 16. h4 Rfd8 17. Rxd8+ Rxd8 18. Rh3 Rd5 $1 {[%cal Rd5c5]} 19. Rg3+ Kf8 20. Rc3 Rxc5 21. Qb4 a5 22. Rxc5 bxc5 (22... axb4 $2 {too greedy.} 23. Rxc7 Bd5 24. axb4 $18) 23. Qc3 Kg7 24. e3 Qb6 {[#]} (24... Qh2 $11) 25. g3 ({White should play} 25. f4 $1 $16) 25... Bd5 26. Be2 Bb3 27. g4 e5 28. g5 {[%mdl 64] Deflection} hxg5 29. hxg5 fxg5 30. Qxe5+ {[%mdl 64] [#] Double Attack} f6 $1 {[%cal Rf6e5]} 31. Qe7+ Kg8 $1 32. Qe8+ Kg7 33. Qe7+ Kg8 $1 34. Qe8+ Kg7 35. Qe7+ {Accuracy: White = 53%, Black = 74%.} 1/2-1/2

[Event "FIDE Chesscom Grand Swiss 2019"]
[Site "Douglas-Isle of Man"]
[Date "2019.10.14"]
[Round "5.9"]
[White "Sevian, Samuel"]
[Black "Narayanan.S.L"]
[Result "1/2-1/2"]
[WhiteElo "2654"]
[BlackElo "2611"]
[Annotator "RC"]
[PlyCount "75"]
[EventDate "2019.10.10"]
[EventType "swiss"]
[EventCountry "GBR"]
[SourceTitle "playchess.com"]
[Source "ChessBase"]
[SourceQuality "1"]
[TimeControl "40/6000+30:20/3000+30:900+30"]

1. d4 {[%emt 0:00:00]} Nf6 {[%emt 0:00:00]} 2. c4 {[%emt 0:00:00]} e6 {[%emt 0:00:00]} 3. Nc3 {[%emt 0:00:35]} Bb4 {[%emt 0:00:00]} 4. Nf3 {[%emt 0:00:06]} O-O {[%emt 0:00:17]} 5. Bg5 {[%emt 0:00:18]} h6 {[%emt 0:00:36]} 6. Bh4 {[%emt 0:00:16]} c5 {[%emt 0:00:54]} 7. Rc1 {[%emt 0:00:44]} cxd4 {[%emt 0:00:10]} 8. Nxd4 {[%emt 0:00:14]} d5 {[%emt 0:00:06]} 9. cxd5 {[%emt 0:00:19]} g5 {[%emt 0:00:07]} 10. Bg3 {[%emt 0:00:04]} Qxd5 {[%emt 0:00:06]} 11. e3 {[%emt 0:00:10]} Qxa2 {[%emt 0:00:49]} 12. Qc2 {[%emt 0:01:47]} Nd5 {[%emt 0:00:11]} 13. h4 {[%emt 0:00:15]} Nxc3 {[%emt 0:00:41]} 14. bxc3 {[%emt 0:01:10]} Qxc2 {[%emt 0:00:06]} 15. Rxc2 {[%emt 0:00:04]} Be7 {[%emt 0:00:08]} 16. hxg5 {[%emt 0:00:06]} hxg5 {[%emt 0:02:14]} 17. f4 {[%emt 0:00:08]} Nc6 {[%emt 0:25:09]} 18. fxg5 {[%emt 0:00:37]} Bxg5 {[%emt 0:01:58]} 19. Rh5 {[%emt 0:00:17]} f6 {[%emt 0:02:46]} 20. Nf3 {[%emt 0:00:37]} Bxe3 {[%emt 0:00:07]} 21. Re2 {[%emt 0:00:07]} Bc1 {[%emt 0:00:47]} 22. Re4 {[%emt 0:13:39]} e5 {[%emt 0:08:50]} 23. Bc4+ {[%emt 0:10:19]} Kg7 {[%emt 0:00:07]} 24. Reh4 {[%emt 0:01:26]} Kg6 {[%emt 0:04:12]} 25. Rh7 {[%emt 0:29:01]} e4 {[%emt 0:12:30]} 26. Nd2 {[%emt 0:09:16]} Ne5 {[%emt 0:07:11]} 27. R7h6+ {[%emt 0:05:47]} Kg7 {[%emt 0:00:46]} 28. Rh7+ {[%emt 0:00:58]} Kg6 {[%emt 0:00:32]} 29. R4h6+ {[%emt 0:11:14]} Kf5 {[%emt 0:00:34]} 30. Rh5+ {[%emt 0:01:27]} Kg6 {[%emt 0:03:05]} 31. R7h6+ {[%emt 0:02:44]} Kg7 {[%emt 0:00:13]} 32. Rh7+ {[%emt 0:02:39]} Kg6 {[%emt 0:00:09]} 33. R7h6+ {[%emt 0:04:10]} Kg7 {[%emt 0:00:07]} 34. Bxe5 {[%emt 0:08:46]} fxe5 {[%emt 0:03:20]} 35. Rh7+ {[%emt 0:00:07]} Kg6 {[%emt 0:00:10]} 36. R7h6+ {[%emt 0:00:25]} Kg7 {[%emt 0:00:07]} 37. Rh7+ {[%emt 0:00:03]} Kg6 {[%emt 0:00:07]} 38. R7h6+ {[%emt 0:04:56]} 1/2-1/2

[Event "FIDE Chesscom Grand Swiss 2019"]
[Site "Douglas-Isle of Man"]
[Date "2019.10.14"]
[Round "5.10"]
[White "Bluebaum, Matthias"]
[Black "Alekseenko, Kirill"]
[Result "1/2-1/2"]
[WhiteElo "2643"]
[BlackElo "2674"]
[Annotator "TA"]
[PlyCount "80"]
[EventDate "2019.10.10"]
[EventType "swiss"]
[EventCountry "GBR"]
[SourceTitle "playchess.com"]
[Source "ChessBase"]
[SourceQuality "1"]

{[%evp 13,80,1,6,0,0,4,0,0,0,0,0,0,0,0,0,0,0,0,0,0,18,0,0,0,0,4,0,0,21,19,27,0,5,0,20,0,0,0,0,-17,-21,-29,-29,-22,-19,-45,0,0,0,0,0,0,0,0,0,0,0,0,0,0,0,0,0,0,0,0,0,-10,-11]} 1. d4 Nf6 2. c4 e6 3. Nc3 Bb4 4. e3 O-O 5. Bd2 d5 6. Nf3 b6 7. cxd5 ({Predecessor:} 7. Rc1 Bb7 8. cxd5 exd5 9. Bd3 Be7 10. O-O c5 {1-0 (65) Tudor,V (2138)-Richter,W (2201) ICCF email 2014}) 7... exd5 8. Rc1 $146 {E51: Nimzo-Indian: Rubinstein: 4...0-0 5 Nf3 d5} (8. Bd3 Bb7 9. O-O Bd6 10. Rc1 c5 11. Ne5 Nc6 12. Ng4 Nxg4 13. Qxg4 c4 14. Bb1 Ne7 15. Nb5 f5 16. Qe2 a6 17. Nxd6 Qxd6 18. f3 b5 19. Be1 Ng6 20. Ba5 Ne7 21. Be1 Ng6 22. Ba5 Ne7 23. Be1 {½-½ (23) Nakamura,H (2743)-Giri,A (2779) Saint Louis 2019}) 8... Be7 9. Bd3 c5 10. Ne5 Bb7 11. O-O Nc6 12. Be1 Bd6 13. f4 cxd4 14. Nxc6 Bxc6 15. exd4 Qd7 16. Qc2 Bb4 17. Ne2 Ba4 18. Qc7 Qxc7 19. Rxc7 Bd6 20. Rc1 Rfe8 21. Nc3 Bc6 22. Bd2 Rac8 23. f5 Bb7 24. Bf4 Bxf4 25. Rxf4 Ne4 26. Bxe4 dxe4 27. Re1 Rcd8 28. Rd1 e3 29. Re1 Kf8 30. Rh4 {The position is equal.} h6 {[#]} 31. f6 $1 {[%mdl 512]} gxf6 32. Rxh6 f5 33. Rh4 Kg7 34. Nd1 Re4 35. Rxe4 Bxe4 36. Nxe3 $11 {KRB-KRN} f4 37. Nd1 Rxd4 38. Nc3 Bc6 39. Rf1 b5 {[%cal Bb6b5,Bb5b4][%mdl 32]} 40. a3 b4 {Accuracy: White = 70%, Black = 71%.} 1/2-1/2